Normal view
MARC view
- National Theatre (Great Britain)
Entry Corporate Name
001 - CONTROL NUMBER
- control field: 28207
003 - CONTROL NUMBER IDENTIFIER
- control field: NUST
005 - DATE AND TIME OF LATEST TRANSACTION
- control field: 20200130123441.0
008 - FIXED-LENGTH DATA ELEMENTS
- fixed length control field: 200130|| aca||aabn | a|a d
040 ## - CATALOGING SOURCE
- Original cataloging agency: NUST
- Transcribing agency: NUST
110 ## - HEADING--CORPORATE NAME
- Corporate name or jurisdiction name as entry element: National Theatre (Great Britain)
670 ## - SOURCE DATA FOUND
- Source citation: Work cat.: (NUST)0: As you like it., New York :
